Catálogo
 En Linea

El canto de Adán / (Registro nro. 18878)

Detalles MARC
000 -CABECERA
campo de control de longitud fija 00609nam a2200181 a 4500
001 - NÚMERO DE CONTROL
campo de control 000019361
005 - FECHA Y HORA DE LA ÚLTIMA TRANSACCIÓN
campo de control 20200929170008.0
008 - DATOS DE LONGITUD FIJA--INFORMACIÓN GENERAL
campo de control de longitud fija 100626s1997 ve ac 000 p spa d
040 ## - FUENTE DE LA CATALOGACIÓN
Centro catalogador/agencia de origen DO-SdBNP
Lengua de catalogación spa
Centro/agencia transcriptor BNPHU
082 ## - NÚMERO DE LA CLASIFICACIÓN DECIMAL DEWEY
Número de clasificación 861.44
Número de documento/Ítem G216
100 1# - ENTRADA PRINCIPAL--NOMBRE DE PERSONA
Nombre de persona García Mackle, Miguel
9 (RLIN) 41600
245 13 - MENCIÓN DE TÍTULO
Título El canto de Adán /
Mención de responsabilidad, etc. Miguel García Mackle ; prólogo Mario Torrealba Lossi.
250 ## - MENCIÓN DE EDICIÓN
Mención de edición 5a ed.
260 ## - PUBLICACIÓN, DISTRIBUCIÓN, ETC.
Lugar de publicación, distribución, etc. Caracas :
Nombre del editor, distribuidor, etc. Círculo de Escritores de Venezuela,
Fecha de publicación, distribución, etc. 1997.
300 ## - DESCRIPCIÓN FÍSICA
Extensión 56 p. :
Otras características físicas il. retrs. ;
Dimensiones 23 cm.
650 #4 - PUNTO DE ACCESO ADICIONAL DE MATERIA--TÉRMINO DE MATERIA
Término de materia o nombre geográfico como elemento de entrada Canto
Subdivisión general Historia y crítica
9 (RLIN) 41601
700 1# - PUNTO DE ACCESO ADICIONAL--NOMBRE DE PERSONA
Nombre de persona Torrealba Lossi, Mario,
Término indicativo de función/relación pról.
9 (RLIN) 41602
Existencias
Estado de retiro Estado de pérdida Restricciones de uso No para préstamo Código de colección Localización permanente Ubicación/localización actual Ubicación en estantería Fecha de adquisición Número de inventario Total de préstamos Signatura topográfica completa Código de barras Fecha visto por última vez Precio válido a partir de Tipo de ítem Koha Número de copia
      Excluido de préstamo Monografías: Libros y Folletos General General Depósito 26.06.2010 LF1   861.44 G216 19361-10 25.06.2020 25.06.2020 No se presta  
      Excluido de préstamo Monografías: Libros y Folletos General General Depósito 26.06.2010 LF1   861.44 G216 19361-20 25.06.2020 25.06.2020 No se presta e. 2
        Monografías: Libros y Folletos General General Depósito 26.06.2010 LF1   861.44 G216 19361-30 25.06.2020 25.06.2020 Préstamo en sala e. 3
  Extraviado     Monografías: Libros y Folletos General General Extraviado 29.05.2017 LF1   861.44 G216 19361-40 25.06.2020 25.06.2020 Préstamo en sala e. 4
  Extraviado     Monografías: Libros y Folletos General General Extraviado 29.05.2017 LF1   861.44 G216 19361-50 25.06.2020 25.06.2020 Préstamo en sala e. 5

Con tecnología Koha